000 01595nam a2200301Ia 4500
003 OSt
005 20250710103913.0
008 191128s2004 sp a br 000 f spa d
020 _a9788466744386
040 _aCO-JMCR
_cCO-JMCR
041 0 _aspa
082 0 4 _aJ-N
_2MUÑa
100 1 _aMuñoz Puelles, Vicente,
_eautor
_91226
245 1 3 _aEl arca y yo /
_cVicente Muñoz Puelles ; ilustraciones de Elena Odriozola
250 _aPrimera edición
260 _aMadrid :
_bAnaya,
_c2004
300 _a148 páginas :
_bilustraciones a color ;
_c20 cm
490 0 _aSopa de libros ;
_v100
505 0 _a¡Otra vez tarde! -- La historia más hermosa del mundo -- Los leones del Rey -- La construcción del arca -- El zoo de Jafet -- El diluvio -- El ancho mar -- La vuelta a Uruk
520 _a"Llamadme Jafet. Tengo nueve años y voy a contaros la historia más asombrosa del mundo…". Jafet, el hijo menor de Noé, está destinado a ser escriba. Pero eso tendrá que esperar, pues queda poco tiempo y tiene que viajar con sus hermanos para encontrar a una pareja de cada una de las especies de animales del mundo, almacenar alimentos y construir un arca gigantesca, ¡y todo en cuarenta días, antes de la gran inundación!
521 _aRecomendado a partir de 8 años.
_bTapa posterior
586 _aI Premio Anaya de Literatura Infantil y Juvenil 2004
650 1 4 _aNovela infantil
_91227
650 1 4 _aAnimales en la literatura
_9633
650 2 4 _aBiblia en la literatura
_xliteratura infantil
_91228
700 1 _aOdriozola, Elena,
_eilustradora
_91229
942 _2ddc
_cBK
999 _c4111
_d4111